000 00733nam a2200205 i 4500
001 22539
003 ES-MaACL
005 20250829062528.0
007 t|
008 021203s1976 sp ||||1| spa d
100 1 _aAlvarez Lowel, Mercedes.
_920862
245 1 0 _aLengua inglesa II /
_c[preparada por: Mercedes Alvarez Lowell, Juan A. Ollero García].
260 _a[Móstoles (Madrid) :
_bGrefol,
_c1976]
300 _a6 t. en 1 v. ;
_c30 cm.
500 _aPrecede al tít.: Universidad Nacional de Educación a Distancia (U.N.E.D.)
700 1 _aOllero García, Antonio.
_986926
710 2 _aUniversidad Nacional de Educación a Distancia (España)
_97405
852 _aES-MaACL
_jL-7002
_bR.108010
999 _c22539
_d22539